Genetics : a conceptual approach

Main Author: Pierce, Benjamin A
Edition: Sixth edition.
Subjects:
Online Access: http://library.unisel.edu.my/web/guest/mylibrary
LEADER 00872cam a2200241 7i4500
001 0000059435
005 20210826090000.0
020 |a 9781319050962 (electronic book)  
090 0 0 |a QH430   |b .P57 2017 
100 1 |a Pierce, Benjamin A  
245 1 0 |a Genetics :   |b a conceptual approach   |c Benjamin A. Pierce. 
250 |a Sixth edition. 
264 |a New York, NY:   |b W. H. Freeman and Company,   |c 2017. 
300 |a 1 online resource:   |b colour illustrations, text file, PDF. 
336 |a text  |2 rdacontent 
337 |a computer  |2 rdamedia 
338 |a online resource  |2 rdacarrier 
650 0 |a Genetics  
655 0 |a Electronic books 
856 4 2 |u http://library.unisel.edu.my/web/guest/mylibrary 
997 |a Engineering & Life Sciences, Faculty  |b Science & Biotechnology, Department 
998 |a Bioinformatics, Degree 
999 |a EBO0005714  |b EBOOK  |c EBOOK  |e Electronic resources